000
00295nam a22001337a 4500
008
181105b xxu||||| |||| 00| 0 eng d
020
_a
9780874342697
041
_a
eng
080
_a
616.12
100
_a
7
101
_a
KAR
245
_a
Cardiopulmonary Emergences
_c
Heln.P
942
_2
udc
_c
BK
999
_c
51858
_d
51858